QCM Autour du mot "pomme" - Statistiques

Statistiques générales
  • Ce quiz a été pris 40 fois
  • Le résultat moyen est 10 sur 30
Statistiques - réponses
Question Réponse % Correct
Comment sont les pommes qu'Hercule doit cueillir dans le jardin des Hespérides ? d'or
100%
Une pomme aurait permis la compréhension des lois de l'attraction universelle par... Isaac Newton
100%
"La grande pomme" est le surnom de la ville de... New York
80%
Les pommes couvertes d'un sucre rouge qu'on peut acheter sur les fêtes foraines sont les pommes d'amour
80%
Une pomme d'api est... rouge vif
80%
La pomme a une signification religieuse dans plusieurs cultures mais pas... Chez les Bouddhistes
60%
Après la golden delicious, la deuxième pomme la plus consommée en France est la Gala
60%
"Ma pomme" est une chanson interprétée par Maurice Chevalier
60%
Trois de ces personnes ont un lien avec une pomme, quelle est l'intruse ? Robin des Bois
60%
Au Québec, "chanter la pomme" veut dire conter fleurette
40%
La golden delicious est aujourd'hui la pomme la plus répandue. Quand a-t-elle été créée ? en 1890
40%
En latin "pomum" a le sens de fruit
40%
Le pommier a été le symbole de la campagne présidentielle de Jacques Chirac en 1995
40%
Quelle boisson ne contient pas de pomme ? le pineau
40%
La pomme est parmi les fruits les plus consommés en France mais quel est son rang ? 1er
20%
La pomme est parmi les fruits les plus consommés au monde mais quel est son rang ? 3e
20%
On cultive dans le monde de nombreuses variétés de pommes, environ.. 7000
20%
A l'état sauvage, un pommier peut mesurer jusqu'à 9 mètres
20%
La pomme ne contient pas de vitamine.. D
20%
Le fruit appelé "pomme" est originaire... d'Asie centrale
20%
Le principal producteur de pommes en 2020 est la Chine
20%
Une étude récente, transposant des résultats obtenus sur les rats, affirme que la consommation d'une pomme par jour réduit le risque de développer la maladie d'Alzheimer
20%
Laquelle, parmi ces variétés de pomme peut être utilisée pour faire du cidre ? Cabarette
0%
Le principal importateur de pommes dans le monde est... la Russie
0%
Le principal exportateur de pommes dans le monde est... l'Italie
0%
Le nom générique du pommier en latin est malus domestica
0%
Dans la "Chanson de Roland", vers 1100, la pomme est appelée... pume
0%
Laquelle, parmi ces variétés de pomme peut être utilisée cuite ? Queen
0%
Le mot "pomme" ne peut pas désigner... un morceau de boeuf
0%
Le logo de la maison de disque des Beatles est une pomme verte
0%
Aucun quiz correspondant
Distribution des résultats
% des personnes avec chaque résultat
Percentile par nombre de réponses
Votre historique - résultats
Vous n’avez pas pris ce quiz